Linie autobusowe w Bydgoszczy - Statystyki

Ogólne statystyki
  • Ten quiz został rozwiązany 78 razy
  • Średni wynik to 76 z 100
Statystyki odpowiedzi
Hint Odpowiedź % Poprawnych
42 | 52 | 54 | +8 others Błonie
94%
32N | 33N | 69 | +7 others Tatrzańskie
94%
56 | 68 | 79 | 84 Glinki
90%
57 | 80 Dworzec Główny
83%
31N | 41 | 52 | +4 others Dworzec Leśne
81%
53 | 59 | 73 | +2 others Kapuściska
81%
55 | 60 | 71 | 77 Morska
79%
33N | 54 Piaski
79%
80 Port Lotniczy
79%
67 | 79 Rycerska
79%
35N | 61 | 71 Rekinowa
75%
56 | 62 Belma
73%
99 Plac Kościeleckich
73%
31N Łoskoń/Zajezdnia
73%
99 Nowa Wieś Wielka
73%
34N | 35N | 51 | +2 others Plac Kościeleckich
73%
64 Barwna
71%
34N | 58 Smukała
71%
51 | 83 Czyżkówko
69%
62 | 90 Garbary
69%
64 Przemysłowa
69%
74 Wyścigowa
67%
36N | 76 | 85 Łęgnowo
65%
92 Łochowo
65%
65 Nad Wisłą
65%
93 Niwy
63%
43 | 98 Przylesie
63%
55 Skorupki
63%
90 Łochowice/Nakielska/Zajęcza
60%
77 Niklowa
60%
40 Ostromecko
60%
81 Skandynawska/IKEA
60%
32N | 53 Dworzec Błonie
56%
40 Niepodległości
56%
76 Rondo Toruńskie
56%
96 Przyłęki
54%
36N Nakielska/Lisia
52%
43 Zławieś Wielka/Urząd Gminy
52%
67 Most Kazimierza Wielkiego
50%
82 Zamczysko
50%
41 Wudzyn
48%
73 Eskulapa
44%
94 Żołędowo/Augustowska
42%
91 Brzoza/Okrężna
35%
Nie znaleziono quizów pasujących do podanych kryteriów
Rozkład punktacji
Procent ludzi z każdym wynikiem
Percentyl według liczby udzielonych odpowiedzi
Twoja historia wyników
Nie rozwiązałeś tego quizu